Návrh robustného PID regulátora s ladením parametrov v prostredí Matlab

Salvato in:
Dettagli Bibliografici
Autore principale: Šuster, David (Autore)
Altri autori: Rosinová, Danica (Relatore della tesi)
Natura: Manoscritto Libro
Lingua:slovacco
Pubblicazione: Bratislava : STU v Bratislave FEI, 2022
Soggetti:
Accesso online:http://is.stuba.sk/zp/portal_zp.pl?podrobnosti=150982
Tags: Aggiungi Tag
Nessun Tag, puoi essere il primo ad aggiungerne!!

MARC

LEADER 00000ntm a22000003a 4500
001 stuzp82586
003 SK-STU
005 20230301140608.9
007 ta
008 150427s2015----xo-----f-mn---000-0-slo-d
040 |a STU  |b slo 
041 0 |a slo 
044 |a xo 
100 1 |a Šuster, David  |u 030400  |4 aut  |U FEI Fakulta elektrotechniky a informatiky  |T FEI Ústav automobilovej mechatroniky  |X 98867  |U E400  |Y 642  |7 98867 
242 0 1 |a Robust PID Controller Design wth Parameter Tuning in Matlab  |y eng 
245 1 0 |a Návrh robustného PID regulátora s ladením parametrov v prostredí Matlab 
260 |a Bratislava :  |b STU v Bratislave FEI,  |c 2022 
300 |a 39 s., príl. 
650 4 |a PID regulátor  |2 slo 
650 4 |a kvalita kriterií  |2 slo 
650 4 |a metóda návrhu  |2 slo 
650 4 |a PID controller  |2 eng 
650 4 |a desing method  |2 eng 
650 4 |a quality of criteria  |2 eng 
700 1 |a Rosinová, Danica  |u 030400  |k Z1  |4 ths  |U FEI Fakulta elektrotechniky a informatiky  |T FEI Ústav automobilovej mechatroniky  |X 4938  |U E400  |Y 642  |7 A000004938 
856 4 |u http://is.stuba.sk/zp/portal_zp.pl?podrobnosti=150982